Statistiques concernant Événements importants en France 1790-2020

Cliquez ici pour prendre le quiz!

Statistiques générales

  • Ce quiz a été pris 48 fois
  • Le résultat moyen est 9 sur 25

Statistiques - réponses

dateIndiceRéponse% Correct
1789-1799Fin d'un régime monarchiquerévolution française
78%
RienSeconde guerre mondiale1939-1945
58%
Rienattentats Charlie Hebdo2015
58%
Rienpremière guerre mondiale1914-1918
56%
1954-1962Guerre (donnez le nom du pays rival)Algérie
53%
Rienpremier empire1804-1815
49%
sanscinquième république1958
47%
1936coalitions de partis dirigés par Léon Blum à la suite d'une crise extrêmement grave qui a frappé le monde entierfront populaire
44%
Rientroisième république1870-1941
40%
RienSecond Empire1852-1870
40%
1940-1944Régime de collaboration dirigé par le maréchal de PétainRégime de Vichy
38%
RienQuatrième république1946-1958
36%
RienPremière République (donner les dates)1792-1804
36%
1966la France est le quatrième pays à l'avoirBombe atomique
33%
Rienmonarchie de juillet1830-1848
33%
1830-1870période d'expansions forte à travers l'Afrique principalementcolonisation
31%
1944Débarquement en Normandie des forces alliés libérant la France et écrasant l'Allemagne (donner le nom de l'opération)Overlord
29%
1792-1815période de guerre dominés principalement par la France guerres napoléoniennes
27%
1944-1946gouvernement provisoire dirigé par le général de Gaulle (abréviation)GPRF
27%
1815grande défaite marquant la fin d'un EmpireBataille de Waterloo
24%
Riendeuxième république1848-1852
22%
1870Conflit amenant à la chute du régime en place en France et à la formation d'une nouvelle nation puissante (donner le nom du pays formé par cette guerre)Allemagne
22%
RienDéfaite française totale la plus connue contre l'Allemagne Nazie1940
20%
Rienrestaurations1814-1830
13%
1830Louis-Philippe monte sur le trônerévolutions de juillet
2%

Distribution des résultats

Percentile par nombre de réponses

% des personnes avec chaque résultat

Votre développement - résultats

Vous n’avez pas pris ce quiz